00539nam a22001937a 4500003000400000005001700004008004100021020001800062082001400080100002000094245007900114250001200193260002700205300001600232546001200248650003600260650002400296650002500320OSt20260128110807.0210707b ||||| |||| 00| 0 eng d a9783662554883 a531bSCHM aScheck, Florian aMechanics cby Florian Scheckb: from newton's laws to deterministic chaos a6th ed. aBerlinbSpringerc2018 axvii, 591p. aEnglish 2Mechanics, Applied--Mathematics 2Deterministic chaos 2Mathematical physics